000 00993cab a2200337 4500
001 ABS58911
008 090401t1998 xxu||||| |||| 00| 0 eng d
035 _a(Sirsi) u86983
041 _aeng
100 _aSilman, G.
245 _aService charges: questions of maintenance
260 _c1998
350 _a0
490 _aEstates Gazette
_v(9824) 13 June 1998, 116-118(3)
520 _aProvides a series of tenants` questions and answers covering some of the more controversial areas of service charges.
650 _aCERTIFICATE
650 _aEXCESS SERVICE CHARGE
650 _aINTEREST ON LATE PAYMENT
650 _aITEMS OF EXPENDITURE
650 _aMANAGEMENT FEES
650 _aPROPORTION OF COSTS
650 _aRATEABLE VALUES
650 _aSERVICE CHARGES
650 _aSET-OFF
650 _aSINKING FUND
650 _aTHIRD PARTY
650 _a`SWEEPER CLAUSE`
690 _aLANDLORD AND TENANT-BUSINESS TENANCIES
942 _n0
948 _c24/06/1998
999 _c54786
_d54786